Problemas actuales del Director de Personal (Record no. 122600)

MARC details
000 -LEADER
campo de control de longitud fija 00837nam a2200193 i 4500
001 - NÚMERO DE CONTROL
campo de control 122600
003 - IDENTIFICADOR DE NÚMERO DE CONTROL
campo de control ES-MaACL
005 - FECHA Y HORA DE LA ÚLTIMA TRANSACCIÓN
campo de control 20230906192016.0
007 - CAMPO FIJO DE DESCRIPCIÓN FÍSICA--INFORMACIÓN GENERAL
campo de control de longitud fija t|
008 - DATOS DE LONGITUD FIJA--INFORMACIÓN GENERAL
campo de control de longitud fija 070214q1970 sp r ||||1| spa d
110 2# - ENTRADA PRINCIPAL--NOMBRE DE ENTIDAD CORPORATIVA
Nombre de entidad corporativa o nombre de jurisdicción como elemento de entrada Asociación para el Progreso de la Dirección.
9 (RLIN) 1775
245 10 - MENCIÓN DEL TÍTULO
Título Problemas actuales del Director de Personal
Resto del título : desarrollo económico, proyecto de Ley Sindical, conflictos colectivos, relaciones sindicales, colaboración con la universidad, implantación del management /
Mención de responsabilidad, etc. José Gaspar González Palenzuela... [et al.].
260 ## - PUBLICACIÓN, DISTRIBUCIÓN, ETC.
Lugar de publicación, distribución, etc. Madrid :
Nombre del editor, distribuidor, etc. Asociación para el Progreso de la Dirección,
Fecha de publicación, distribución, etc. 1970.
300 ## - DESCRIPCIÓN FÍSICA
Extensión 82 p. ;
Dimensiones 27 cm.
650 #4 - PUNTO DE ACCESO ADICIONAL DE MATERIA--TÉRMINO DE MATERIA
Término de materia o nombre geográfico como elemento de entrada Conflictos laborales-
Subdivisión geográfica España.
9 (RLIN) 157827
700 1# - ENTRADA AGREGADA--NOMBRE PERSONAL
Nombre de persona González Palenzuela, José Gaspar.
9 (RLIN) 207768
852 ## - LOCALIZACIÓN
Ubicación ES-MaACL
Número de control de estantería C-41036
Sublocalización o colección R.72791
Holdings
Estatus retirado Estado de pérdida Estado de daño No para préstamo Biblioteca de origen Biblioteca actual Ubicación en estantería Fecha de adquisición Fuente de adquisición Total de préstamos Signatura topográfica completa Código de barras Visto por última vez Precio de reemplazo Tipo de ítem Koha
        Biblioteca del Ateneo de Madrid Biblioteca del Ateneo de Madrid Depósito 2 17/01/2008     C-41036 1127752 23/02/2023 23/02/2023 Libro impreso